banner-ar

اساطير والهة : (Record no. 65575)

MARC details
000 -الفاتح
حقل البيانات ثابتة الطول 00969nam a22002417a 4500
005 - وقت وتاريخ اخر تعامل مع التسجيلة
رقم الضبط 20240530110832.0
008 - عناصر البيانات ثابتة الطول - معلومات عامة
حقل البيانات ثابتة الطول 190910s2005 ua ab f b 000 0 ara d
017 ## - رقم الايداع القانونى
رقم الايداع القانونى 2004/3005
المصدر ( الهيئة المختصة) مصر. دار الكتب
040 ## - مصدر الفهرسة
وكالة الفهرسة الأصلية EG-CaGPL
وكالة النسخ EG-CaGPL
082 04 - رقم تصنيف ديوى العشرى
رقم الطبعة 21
رقم التصنيف 200,901232
رقم المادة ق/ ف ا
100 1# - المدخل الرئيسى - إسم شخصى
الإسم الشخصى فرانكو ، ايزابيل
245 10 - بيان العنوان
العنوان اساطير والهة :
بقية العنوان نفثات رع اله الشمس /
بيان المسئوليه,etc تأليف ايزابيل فرانكو ؛ ترجمة حليم طوسون ؛ مراجعة محمود ماهر طه
250 ## - بيان الطبعة
بيان الطبعة ط. 1
260 ## - PUBLICATION, DISTRIBUTION, ETC. (IMPRINT)
تاريخ النشر أو التوزيع 2005
300 ## - الوصف المادى
التعداد 255 ص. :
تفاصيل ماديه اخرى للوعاء ايض .؛
أبعاد الوعاء 24 سم
650 07 - المدخل الاضافى بالموضوع-مصطلح موضوعى
مصدر الرأس أو المصطلح qrmak
مصطلح موضوعي الاساطير
التقسيم الفرعي الجغرافي مصر
650 07 - المدخل الاضافى بالموضوع-مصطلح موضوعى
مصطلح موضوعي الادب السعبى
650 07 - المدخل الاضافى بالموضوع-مصطلح موضوعى
مصطلح موضوعي الالهة
التقسيم الفرعي الجغرافي مصر
700 1# - المدخل الاضافى - اسم شخصى
الإسم الشخصى حليم طوسون
الدور مترجم
700 1# - المدخل الاضافى - اسم شخصى
الإسم الشخصى محمود ماهر طة
الدور مراجع
942 ## - عناصر المدخل الإضافي( كوها)
مصدر التصنيف او مخطط الترفيف Dewey Decimal Classification
Koha [default] item type كتاب
260 ## - PUBLICATION, DISTRIBUTION, ETC. (IMPRINT)
-- القاهرة :
-- المجلس الاعلى للثقافة،
Holdings
حالة التراجع حالة الفقد حالة تلف ليس للاعارة المكان المؤقت الموقع الحالى موقع الترفيف تاريخ الاكتساب اجمالي اﻻعارات رقم الطلب الباركود تاريخ اخر مشاهدة تاريخ تفعيل السعر نوع وعاء كوها
        مكتبة القاهرة الكبرى مكتبة القاهرة الكبرى   09/22/2019   200,901232 ق/ ف ا 166489 09/22/2019 09/22/2019 كتاب

Powered By

EGPV